000 00944nam a2200217Ii 4500
003 JO-AjNU
008 230605s9999||||xx |||||||||||||| ||und||
017 _a2004/9/2268
040 _aJO-AjNU
_bara
_erda
_cJO-AjNU
041 _aara
050 1 4 _aHA 29 .5 .A7. B3742 2005
100 3 _aالبطاينة،ابراهيم محمد /م.مشارك: امجد مساعدة، رمزي ارسلان ، خالد الكساسبة,
_eauthor
_97611
245 0 0 _aمبادىء الاحصاء لطلبة الادارة والاقتصاد
250 _aط1
264 3 1 _aالمفرق: دار المسار للنشر والتوزيع، 2005
300 _a284ص
_bيحتوي على قائمة المصطلحات و ببلوغرافية من 273-284ص
336 _atext
_btxt
_2rdacontent
337 _aunmediated
_bn
_2rdamedia
338 _avolume
_bnc
_2rdacarrier
650 4 _aالاحصاء -الاحصاء الرياضي - دراسة وتعليم
_97612
999 _aA368
_c3936
_d3936